|
|
|
|
| LEADER |
00000cam a2200000 a 4500 |
| 001 |
vtls010634224 |
| 003 |
SK-MaSNL |
| 005 |
20260302015202.0 |
| 008 |
240314s2014 xo da e an 000 0 slo |
| 015 |
|
|
|a SNBA2014/12
|
| 020 |
|
|
|a 9788022741804
|q (brož.)
|
| 035 |
|
|
|a C4EAFB2F-2FE8-452D-9383-BDFABD8A3608
|
| 035 |
|
|
|a urn:nbn:sk:snk-amjozs
|
| 035 |
|
|
|a urn:nbn:sk:snk-am001zab
|
| 040 |
|
|
|a SNK
|b slo
|c SNK
|e AACR2
|
| 041 |
0 |
|
|a slo
|b eng
|
| 044 |
|
|
|a xo
|c SK
|
| 072 |
|
7 |
|a 624
|x Stavebné inžinierstvo
|2 konspekt
|
| 080 |
|
|
|a 624.07
|2 2001
|
| 080 |
|
|
|a (043.5)
|2 2001
|
| 080 |
|
|
|a 624.01/.07
|2 2001
|
| 100 |
1 |
|
|a Tvrdá, Katarína
|4 aut
|9 14639
|
| 245 |
1 |
0 |
|a Nové aspekty v optimálnom návrhu nosných konštrukcií
|c Katarína Tvrdá
|
| 250 |
|
|
|a 1. vyd.
|
| 260 |
|
|
|a V Bratislave
|b Slovenská technická univerzita, Stavebná fakulta
|c 2014
|
| 300 |
|
|
|a 131 s.
|b grafy, sch., tab.
|c 29 cm
|
| 366 |
|
|
|e 100 výt.
|
| 490 |
1 |
|
|a Edícia vedeckých prác ;
|v zošit č. 140
|
| 504 |
|
|
|a Bibliogr. na s. 126-131 ; zoz. obr. a tab. ; skrat.
|
| 546 |
|
|
|a Res. angl.
|
| 650 |
0 |
7 |
|a stavebné konštrukcie
|2 SNKPH
|9 3695
|
| 650 |
0 |
7 |
|a nosné konštrukcie
|2 SNKPH
|9 67315
|
| 650 |
0 |
7 |
|a Structures
|2 SNKPHeng
|9 267357
|
| 650 |
0 |
7 |
|a Load-bearing structures
|2 SNKPHeng
|9 317144
|
| 655 |
|
7 |
|a habilitačné práce
|2 SNKPH
|9 70777
|
| 655 |
|
7 |
|a Habilitation theses
|2 SNKPHeng
|9 316692
|
| 752 |
|
|
|a Bratislava
|d Slovensko
|
| 810 |
2 |
|
|a Slovenská technická univerzita v Bratislave.
|b Stavebná fakulta
|t Edícia vedeckých prác
|9 184598
|
| 830 |
|
0 |
|a Edícia vedeckých prác
|9 337033
|
| 919 |
|
|
|a 978-80-227-4180-4
|
| 958 |
|
|
|a NB
|
| 999 |
|
|
|c 1020050
|d 1021980
|
| 952 |
|
|
|a SNK
|b SNK
|y PREZ
|7 0
|p 17A1131904
|o snkSB 87462
|i snk2014/25665
|8 0
|0 0
|1 0
|4 0
|d 2014-11-20
|f 1
|l 0
|r 2025-05-12 00:00:00
|w 2026-02-24
|
| 952 |
|
|
|a SNK
|b SNK
|y VYP
|7 0
|p 17A1131905
|o snkSB 87462 D1
|i snk2014/25666
|8 0
|0 0
|1 0
|4 0
|d 2014-11-20
|l 0
|r 2016-06-30 00:00:00
|w 2026-02-24
|